RESEARCH METHODS IN SOCIAL SCIENCES AND EXTENSION EDUCATION (Record no. 22788)
[ view plain ]
| 000 -LEADER | |
|---|---|
| fixed length control field | 00347nam a22001457a 4500 |
| 003 - CONTROL NUMBER IDENTIFIER | |
| control field | SGT |
| 020 ## - INTERNATIONAL STANDARD BOOK NUMBER | |
| International Standard Book Number | 978-81-272-6746-9 |
| 082 ## - DEWEY DECIMAL CLASSIFICATION NUMBER | |
| Classification number | 300.72 |
| Item number | RAY |
| 100 ## - MAIN ENTRY--PERSONAL NAME | |
| Personal name | RAY, G.L. |
| 245 ## - TITLE STATEMENT | |
| Title | RESEARCH METHODS IN SOCIAL SCIENCES AND EXTENSION EDUCATION |
| 250 ## - EDITION STATEMENT | |
| Edition statement | 3RD |
| 260 ## - PUBLICATION, DISTRIBUTION, ETC. (IMPRINT) | |
| Place of publication, distribution, etc | INDIA |
| Name of publisher, distributor, etc | KALYANI PUB. |
| Year of Publication | 2022 |
| 300 ## - PAGE DESCRIPTION | |
| No. of Pages | 330 |
| 942 ## - ADDED ENTRY ELEMENTS (KOHA) | |
| Source of classification or shelving scheme | Dewey Decimal Classification |
| Koha item type | Books |
| 942 ## - ADDED ENTRY ELEMENTS (KOHA) | |
| -- | 6 |
| Withdrawn status | Lost status | Source of classification or shelving scheme | Damaged status | Not for loan | Collection code | Home library | Current library | Shelving location | Date acquired | Vendor Name | Cost, normal purchase price | SGTU | Bill Number | Total Checkouts | Full call number | Accession No. (Barcode) | Date last seen | Bill Date | Koha item type | Date last borrowed |
|---|---|---|---|---|---|---|---|---|---|---|---|---|---|---|---|---|---|---|---|---|
| Dewey Decimal Classification | SCIENCE | SGT Science & Social Sciences Library | SGT Science & Social Sciences Library | Text Book | 02/06/2022 | ABC | 325.00 | SGTU | 14476 | 300.72 RAY | AG1786 | 02/06/2022 | Books | |||||||
| Dewey Decimal Classification | SCIENCE | SGT Science & Social Sciences Library | SGT Science & Social Sciences Library | Text Book | 02/06/2022 | ABC | 325.00 | SGTU | 14476 | 300.72 RAY | AG1787 | 02/06/2022 | Books | |||||||
| Dewey Decimal Classification | SCIENCE | SGT Science & Social Sciences Library | SGT Science & Social Sciences Library | Text Book | 02/06/2022 | ABC | 325.00 | SGTU | 14476 | 300.72 RAY | AG1788 | 02/06/2022 | Books | |||||||
| Dewey Decimal Classification | SCIENCE | SGT Science & Social Sciences Library | SGT Science & Social Sciences Library | Text Book | 02/06/2022 | ABC | 325.00 | SGTU | 14476 | 2 | 300.72 RAY | AG1789 | 18/01/2025 | Books | 06/08/2024 | |||||
| Dewey Decimal Classification | SCIENCE | SGT Science & Social Sciences Library | SGT Science & Social Sciences Library | Text Book | 02/06/2022 | ABC | 325.00 | SGTU | 14476 | 4 | 300.72 RAY | AG1790 | 28/07/2023 | Books | 24/07/2023 |